Statistics for 2 Letter Vocabulary Words (harder)

Click here to take the quiz!

General Stats

  • This quiz has been taken 105 times
  • The average score is 88 of 123

Answer Stats

Word% Correct
to
91%
an
90%
at
90%
as
89%
be
87%
me
87%
no
87%
lo
86%
am
85%
bo
85%
it
85%
so
85%
we
85%
do
84%
hi
84%
ho
84%
in
84%
or
84%
ad
82%
la
82%
ma
82%
on
82%
mo
81%
ab
80%
ba
80%
bi
80%
go
80%
of
80%
se
80%
al
79%
de
79%
po
79%
si
79%
is
78%
li
78%
ti
78%
da
77%
he
77%
if
77%
pi
77%
er
76%
ar
76%
na
76%
mi
76%
pa
76%
aw
75%
en
75%
Ga
75%
ha
75%
wo
75%
75%
re
75%
te
75%
fa
74%
gi
74%
es
74%
un
74%
za
74%
jo
74%
nu
74%
oh
74%
up
74%
Wa
74%
ai
73%
el
73%
mu
73%
ax
71%
fe
71%
ka
71%
om
71%
op
71%
os
71%
ta
71%
ah
70%
em
70%
et
70%
ki
70%
ra
70%
us
70%
ag
69%
ay
69%
pe
69%
od
69%
yo
69%
ya
68%
ja
68%
ow
68%
ri
68%
um
68%
ye
68%
eh
67%
id
67%
OK
67%
ox
66%
ae
65%
ed
65%
ef
65%
oy
65%
Oz
65%
by
64%
Wu
64%
aa
63%
ex
63%
oi
63%
uh
63%
ut
62%
Ju
62%
my
62%
xi
60%
oe
59%
og
59%
qi
59%
ob
58%
Yi
58%
ou
57%
xu
56%
yu
56%
ee
53%
io
44%
dy
41%
mm
19%
sh
19%
hm
10%

Score Distribution

Percentile by Number Answered

Percent of People with Each Score

Your Score History

You have not taken this quiz